000 00710nam a2200181Ii 4500
003 JO-AjNU
008 230605s9999||||xx |||||||||||||| ||und||
040 _aJO-AjNU
_bara
_erda
_cJO-AjNU
041 _aara
050 1 4 _aBF723.M54.B6712 1983
100 3 _aبروبا، ميشيل ؛ ترجمة: سعد الحسني ؛ مراجعة محمد جهاد جمل,
_eauthor
_940077
245 0 0 _aبناء الذكاء الأخلاقي
264 3 1 _aالعين: دار الكتاب الجامعي، 1983
336 _atext
_btxt
_2rdacontent
337 _aunmediated
_bn
_2rdamedia
338 _avolume
_bnc
_2rdacarrier
650 4 _aاطفال-تربية-مظاهر اخلاقية- تنشئة اجتماعية
_940078
999 _aA16978
_c20546
_d20546